[Event "BCF-chT3 0607 (4NCL)"]
[Site "Sunningdale"]
[Date "2007.01.13"]
[Round "5.2"]
[White "Easton, Alex"]
[Black "Clark, Ian C"]
[Result "1-0"]
[WhiteElo "2137"]
[BlackElo "2123"]
[PlyCount "127"]
[EventDate "2006.09.16"]
[EventType "team"]
[EventRounds "11"]
[EventCountry "ENG"]
[SourceTitle "EXT 2008"]
[Source "ChessBase"]
[SourceDate "2007.11.25"]
[SourceVersion "1"]
[SourceVersionDate "2007.11.25"]
[SourceQuality "1"]
[WhiteTeam "Bristol II"]
[BlackTeam "Wessex II"]
[WhiteTeamCountry "ENG"]
[BlackTeamCountry "ENG"]

1. Nf3 d5 2. d4 Nf6 3. c4 dxc4 4. e3 e6 5. Bxc4 c5 6. 0-0 cxd4 7. exd4 Nc6 8. Nc3 Be7 9. a3 0-0 10. Qd3 a6 11. Bg5 b5 12. Ba2 b4 13. Bb1 g6 14. Ne2 bxa3 15. bxa3 Bb7 16. Ng3 Na5 17. Rd1 Rc8 18. h4 Nd5 19. Bh6 Re8 20. h5 Nc3 21. hxg6 hxg6 22. Re1 Bf6 23. Bc2 e5 24. Nxe5 Bxe5 25. Rxe5 Rxe5 26. dxe5 Qxd3 27. Bxd3 Rd8 28. Bf1 Nb3 29. Re1 Nd4 30. Bg5 Re8 31. Bd2 Ncb5 32. a4 Nc7 33. Bc3 Nde6 34. Rd1 Nd5 35. Ba1 Nb4 36. f3 Nc2 37. Kf2 Nxa1 38. Rxa1 Rc8 39. Rb1 Rc2+ 40. Kg1 Bc6 41. a5 Nf4 42. Rb4 Nd5 43. Rc4 Rxc4 44. Bxc4 Nb4 45. Ne2 Bd5 46. Bxd5 Nxd5 47. Kf2 Nb4 48. Nd4 Nd3+ 49. Ke3 Nxe5 50. Ke4 Nc4 51. Nb3 Kg7 52. Kd4 Nxa5 53. Nxa5 Kf6 54. Nc4 Kg5 55. g3 f5 56. Ke5 Kh6 57. Kf6 Kh5 58. Ne5 a5 59. Nxg6 a4 60. Nf4+ Kh6 61. Nd5 a3 62. Nc3 f4 63. gxf4 Kh7 64. Kf7 1-0

[Event "BCF-chT3 0506 (4NCL)"]
[Site "Birmingham"]
[Date "2006.05.01"]
[Round "11.4"]
[White "Britton, Richard"]
[Black "Easton, Alex"]
[Result "1/2-1/2"]
[WhiteElo "2297"]
[BlackElo "2100"]
[PlyCount "95"]
[EventDate "2005.10.22"]
[EventType "team"]
[EventRounds "11"]
[EventCountry "ENG"]
[SourceTitle "EXT 2007"]
[Source "ChessBase"]
[SourceDate "2006.11.23"]
[SourceVersion "1"]
[SourceVersionDate "2006.11.23"]
[SourceQuality "1"]
[WhiteTeam "Hilsmark Kingfisher II"]
[BlackTeam "Bristol II"]
[WhiteTeamCountry "ENG"]
[BlackTeamCountry "ENG"]

1. e4 e6 2. d3 d5 3. Nd2 Nf6 4. Ngf3 Nc6 5. c3 a5 6. a4 dxe4 7. dxe4 Bc5 8. Bb5 0-0 9. 0-0 Qd6 10. Qe2 e5 11. Nc4 Qe6 12. Bg5 Re8 13. Rad1 Nd7 14. Ne3 Bxe3 15. Bxe3 Qg4 16. h3 Qh5 17. Nd2 Qxe2 18. Bxe2 Nf8 19. Kh2 Be6 20. Bb5 Red8 21. Nc4 Ng6 22. g3 f6 23. Kg2 Nge7 24. h4 b6 25. Na3 Kf7 26. f3 Bb3 27. Bc4+ Bxc4 28. Nxc4 Ke8 29. Kf2 Rxd1 30. Rxd1 Rd8 31. Rg1 Nc8 32. f4 Nd6 33. Nxd6+ Rxd6 34. f5 h6 35. g4 Kf7 36. g5 hxg5 37. hxg5 Rd8 38. g6+ Kg8 39. Ke2 Rd7 40. Rb1 Nd8 41. b4 Nb7 42. Rb2 Kf8 43. Rd2 Rxd2+ 44. Kxd2 Ke7 45. Kd3 Nd6 46. bxa5 bxa5 47. Bd2 c5 48. c4 1/2-1/2

[Event "BCF-chT3 0506 (4NCL)"]
[Site "Birmingham"]
[Date "2006.04.29"]
[Round "9.5"]
[White "Easton, Alex"]
[Black "Thomas, Richard Huw"]
[Result "1/2-1/2"]
[WhiteElo "2100"]
[BlackElo "2219"]
[PlyCount "55"]
[EventDate "2005.10.22"]
[EventType "team"]
[EventRounds "11"]
[EventCountry "ENG"]
[SourceTitle "EXT 2007"]
[Source "ChessBase"]
[SourceDate "2006.11.23"]
[SourceVersion "1"]
[SourceVersionDate "2006.11.23"]
[SourceQuality "1"]
[WhiteTeam "Bristol II"]
[BlackTeam "Kings Head"]
[WhiteTeamCountry "ENG"]
[BlackTeamCountry "ENG"]

1. Nf3 g6 2. c4 Bg7 3. d4 d6 4. e4 Nc6 5. d5 Ne5 6. Nxe5 dxe5 7. Nc3 e6 8. Be2 Ne7 9. 0-0 0-0 10. Qb3 exd5 11. cxd5 c6 12. Bg5 h6 13. Bxe7 Qxe7 14. Rfd1 Rd8 15. dxc6 Rxd1+ 16. Rxd1 bxc6 17. Bc4 Bf8 18. Rd3 Kg7 19. Rf3 f6 20. h3 Qb4 21. Rd3 Qxb3 22. Bxb3 Be7 23. Ba4 Rb8 24. b3 Rb6 25. Nb1 Kf7 26. Nd2 Be6 27. Kf1 Bb4 28. Nc4 1/2-1/2

[Event "BCF-chT2 0506 (4NCL)"]
[Site "Birmingham"]
[Date "2006.01.14"]
[Round "5.8"]
[White "Easton, Alex"]
[Black "Low, Ying Min"]
[Result "1-0"]
[WhiteElo "2100"]
[BlackElo "2010"]
[PlyCount "59"]
[EventDate "2005.10.22"]
[EventType "team"]
[EventRounds "11"]
[EventCountry "ENG"]
[SourceTitle "EXT 2007"]
[Source "ChessBase"]
[SourceDate "2006.11.23"]
[SourceVersion "1"]
[SourceVersionDate "2006.11.23"]
[SourceQuality "1"]
[WhiteTeam "Bristol"]
[BlackTeam "Cambridge"]
[WhiteTeamCountry "ENG"]
[BlackTeamCountry "ENG"]

1. Nf3 c5 2. c4 Nf6 3. Nc3 d5 4. cxd5 Nxd5 5. e4 Nb4 6. Bc4 Nd3+ 7. Ke2 Nf4+ 8. Kf1 Ne6 9. b4 cxb4 10. Ne2 Nc7 11. d4 e6 12. Bb2 Bd6 13. h4 Nd7 14. h5 h6 15. Rc1 b5 16. Bd3 Ba6 17. Rh4 Rc8 18. Rg4 0-0 19. Bb1 Re8 20. Qd3 Nf8 21. Qe3 Kh8 22. d5 e5 23. Qxa7 Ra8 24. Qe3 Rc8 25. Ng3 Nd7 26. Rxg7 Kxg7 27. Nf5+ Kg8 28. Nxd6 Qf6 29. Nxc8 Rxc8 30. Rc6 1-0

[Event "BCF-chT3 0506 (4NCL)"]
[Site "Birmingham"]
[Date "2005.11.19"]
[Round "3.1"]
[White "Easton, Alex"]
[Black "Dignam, Matthew"]
[Result "1-0"]
[WhiteElo "2100"]
[BlackElo "2172"]
[PlyCount "145"]
[EventDate "2005.10.22"]
[EventType "team"]
[EventRounds "11"]
[EventCountry "ENG"]
[SourceTitle "EXT 2007"]
[Source "ChessBase"]
[SourceDate "2006.11.23"]
[SourceVersion "1"]
[SourceVersionDate "2006.11.23"]
[SourceQuality "1"]
[WhiteTeam "Bristol II"]
[BlackTeam "Poisoned Pawns"]
[WhiteTeamCountry "ENG"]
[BlackTeamCountry "ENG"]

1. Nf3 Nf6 2. c4 g6 3. Nc3 Bg7 4. d4 0-0 5. e4 d6 6. Be2 e5 7. 0-0 Nc6 8. d5 Ne7 9. Nd2 Nd7 10. b4 g5 11. a4 Ng6 12. Bg4 Nf6 13. Bxc8 Qxc8 14. c5 Ne8 15. Nc4 g4 16. Ne3 h5 17. Nf5 Qd7 18. f3 Nf6 19. Bg5 Nh7 20. fxg4 Nxg5 21. gxh5 Ne7 22. Qg4 Nxf5 23. Rxf5 Kh7 24. Rxg5 Qxg4 25. Rxg4 f5 26. Rg6 dxc5 27. bxc5 Bh6 28. exf5 Be3+ 29. Kf1 Rxf5+ 30. Ke2 Bd4 31. Rc1 Rxh5 32. Rg3 Bxc3 33. Rcxc3 Rd8 34. Rh3 Rxh3 35. Rxh3+ Kg6 36. Rd3 Kf5 37. Ke3 b6 38. cxb6 axb6 39. Rd2 e4 40. Rd4 Rg8 41. g3 Rh8 42. Rxe4 Rxh2 43. Re7 Ra2 44. Rxc7 Ke5 45. Rc4 Ra3+ 46. Kf2 Kxd5 47. Rb4 Ke5 48. g4 Rc3 49. Rxb6 Rc4 50. Rb5+ Ke6 51. Kg3 Rxa4 52. Rf5 Ra1 53. Kh4 Ra8 54. Rf4 Ke5 55. Rf5+ Ke6 56. Kg3 Ra1 57. Rf8 Ke7 58. Rf4 Ke6 59. g5 Rg1+ 60. Kh4 Ke5 61. Rf8 Rh1+ 62. Kg4 Ke6 63. g6 Ke7 64. Rf4 Ke6 65. Kg5 Rg1+ 66. Kh6 Ke5 67. Rf2 Ke6 68. g7 Ke7 69. Kh7 Rh1+ 70. Kg8 Rg1 71. Re2+ Kd8 72. Re5 Kd7 73. Kf7 1-0

[Event "BCF-chT2 0405 (4NCL)"]
[Site "West Bromwich"]
[Date "2005.04.30"]
[Round "9.6"]
[White "Easton, Alex"]
[Black "Fishburne, Stewart K"]
[Result "1/2-1/2"]
[WhiteElo "2103"]
[BlackElo "2190"]
[PlyCount "38"]
[EventDate "2004.09.18"]
[EventType "team"]
[EventRounds "11"]
[EventCountry "ENG"]
[SourceTitle "EXT 2006"]
[Source "ChessBase"]
[SourceDate "2005.11.24"]
[SourceVersion "1"]
[SourceVersionDate "2005.11.24"]
[SourceQuality "1"]
[WhiteTeam "Bristol II"]
[BlackTeam "Warwicks Select"]
[WhiteTeamCountry "ENG"]
[BlackTeamCountry "ENG"]

1. Nf3 g6 2. c4 Bg7 3. d4 d6 4. Nc3 Nd7 5. e4 e5 6. Be2 Ne7 7. 0-0 0-0 8. Be3 f5 9. exf5 gxf5 10. dxe5 f4 11. exd6 fxe3 12. dxe7 exf2+ 13. Rxf2 Qxe7 14. Qd5+ Kh8 15. Raf1 Nf6 16. Qe5 Be6 17. Ng5 Rae8 18. Nxe6 Qxe6 19. Qxe6 Rxe6 1/2-1/2

[Event "BCF-chT2 0405 (4NCL)"]
[Site "West Bromwich"]
[Date "2005.01.22"]
[Round "5.5"]
[White "Easton, Alex"]
[Black "Twyble, Michael"]
[Result "1/2-1/2"]
[WhiteElo "2103"]
[BlackElo "2215"]
[PlyCount "52"]
[EventDate "2004.09.18"]
[EventType "team"]
[EventRounds "11"]
[EventCountry "ENG"]
[SourceTitle "EXT 2006"]
[Source "ChessBase"]
[SourceDate "2005.11.24"]
[SourceVersion "1"]
[SourceVersionDate "2005.11.24"]
[SourceQuality "1"]
[WhiteTeam "Bristol II"]
[BlackTeam "Barbican II"]
[WhiteTeamCountry "ENG"]
[BlackTeamCountry "ENG"]

1. Nf3 Nf6 2. c4 g6 3. Nc3 c5 4. d4 cxd4 5. Nxd4 Nc6 6. e4 Bg7 7. Be3 0-0 8. Be2 d6 9. 0-0 Bd7 10. Nc2 a6 11. f3 Rc8 12. Qd2 Re8 13. Rac1 Ne5 14. b3 Qa5 15. Nd4 Nc6 16. Rfd1 Nxd4 17. Bxd4 Bc6 18. Rc2 Nd7 19. Be3 Nc5 20. Rb1 Qd8 21. b4 Na4 22. Nxa4 Bxa4 23. Rcc1 b5 24. cxb5 axb5 25. Rxc8 Qxc8 26. Rc1 Qe6 1/2-1/2

[Event "BCF-chT3 0304 (4NCL)"]
[Site "West Bromwich"]
[Date "2004.06.19"]
[Round "10.3"]
[White "Easton, Alex"]
[Black "Kett, Timothy"]
[Result "1/2-1/2"]
[WhiteElo "2091"]
[BlackElo "2180"]
[PlyCount "38"]
[EventDate "2003.11.23"]
[EventType "team"]
[EventRounds "11"]
[EventCountry "ENG"]
[SourceTitle "EXT 2005"]
[Source "ChessBase"]
[SourceDate "2004.11.15"]
[SourceVersion "1"]
[SourceVersionDate "2004.11.15"]
[SourceQuality "1"]
[WhiteTeam "Bristol II"]
[BlackTeam "SW Dragons II"]
[WhiteTeamCountry "ENG"]
[BlackTeamCountry "ENG"]

1. Nf3 Nc6 2. d4 d5 3. c4 Bg4 4. cxd5 Bxf3 5. gxf3 Qxd5 6. e3 e5 7. Nc3 Bb4 8. Bd2 Bxc3 9. bxc3 exd4 10. cxd4 Nf6 11. Bg2 0-0 12. 0-0 Rad8 13. Qb3 Qg5 14. Rfd1 Rd6 15. e4 Qh5 16. Be3 Nd7 17. Qxb7 Rg6 18. Bf4 f5 19. Qb3+ Kh8 1/2-1/2

[Event "BCF-chT3 0304 (4NCL)"]
[Site "West Bromwich"]
[Date "2004.05.29"]
[Round "7.3"]
[White "Easton, Alex"]
[Black "Lutton, E Josiah"]
[Result "1-0"]
[WhiteElo "2091"]
[BlackElo "2050"]
[PlyCount "89"]
[EventDate "2003.11.23"]
[EventType "team"]
[EventRounds "11"]
[EventCountry "ENG"]
[SourceTitle "EXT 2005"]
[Source "ChessBase"]
[SourceDate "2004.11.15"]
[SourceVersion "1"]
[SourceVersionDate "2004.11.15"]
[SourceQuality "1"]
[WhiteTeam "Bristol II"]
[BlackTeam "South County Stars"]
[WhiteTeamCountry "ENG"]
[BlackTeamCountry "ENG"]

1. c4 e5 2. Nc3 Nc6 3. g3 f5 4. Bg2 Nf6 5. e3 Be7 6. Nge2 0-0 7. 0-0 Qe8 8. Nd5 Bd8 9. b4 d6 10. b5 Ne7 11. Nxf6+ Rxf6 12. Bb2 f4 13. exf4 Rh6 14. fxe5 Qh5 15. h3 Ng6 16. exd6 Bxh3 17. Nf4 Nxf4 18. Qxh5 Rxh5 19. gxf4 Bxg2 20. Kxg2 cxd6 21. Rfe1 Kf7 22. d3 Rf5 23. Kg3 Ba5 24. Re2 Rf8 25. Rh1 h6 26. Ba3 Rf6 27. Rh5 Re8 28. Rxe8 Kxe8 29. Rd5 Bc7 30. f5 Kf7 31. Bb2 Bd8 32. Bxf6 Bxf6 33. Kg4 Ke7 34. c5 dxc5 35. Rxc5 Kd6 36. Rc4 b6 37. Kf3 h5 38. Kf4 Bh4 39. Kf3 Bf6 40. Kg3 Ke5 41. Rc7 Kxf5 42. Rxa7 g5 43. Rf7 h4+ 44. Kg2 g4 45. a4 1-0

[Event "BCF-chT3 0203 (4NCL)"]
[Site "West Bromwich"]
[Date "2003.04.12"]
[Round "7.4"]
[White "Easton, Alex"]
[Black "Lim, Chin Lee"]
[Result "0-1"]
[WhiteElo "2123"]
[BlackElo "2060"]
[PlyCount "88"]
[EventDate "2002.11.??"]
[EventType "team"]
[EventRounds "11"]
[EventCountry "ENG"]
[SourceTitle "EXT 2004"]
[Source "ChessBase"]
[SourceDate "2003.11.25"]
[SourceVersion "1"]
[SourceVersionDate "2003.11.25"]
[SourceQuality "1"]
[WhiteTeam "Bristol II"]
[BlackTeam "White Rose II"]
[WhiteTeamCountry "ENG"]
[BlackTeamCountry "ENG"]

1. Nf3 d5 2. c4 e6 3. d4 Nf6 4. Bg5 Be7 5. e3 h6 6. Bh4 0-0 7. Nc3 b6 8. Rc1 Ba6 9. cxd5 Bxf1 10. Kxf1 Nxd5 11. Nxd5 exd5 12. Bxe7 Qxe7 13. Qb3 Rd8 14. Ke2 c5 15. Qa3 Nd7 16. Rhd1 Qe6 17. dxc5 bxc5 18. Kf1 Rdc8 19. Kg1 Rc6 20. Qd3 Rd6 21. b3 Rb8 22. e4 d4 23. Nd2 Ra6 24. a4 Rab6 25. f4 Qg4 26. Rf1 Rf6 27. g3 h5 28. Qf3 Qh3 29. Qg2 Qe6 30. Rf3 Qe7 31. Rd3 Rfb6 32. Qf3 Nf6 33. h3 Rd8 34. Kg2 Re6 35. Re1 Nd5 36. g4 Nb4 37. f5 Nxd3 38. Qxd3 Rb6 39. e5 hxg4 40. hxg4 Qh4 41. Qe4 Qh6 42. Nf3 Qc6 43. Qf4 Rxb3 44. f6 Qxf3+ 0-1

[Event "BCF-chT3 0102 (4NCL)"]
[Site "Birmingham"]
[Date "2002.01.19"]
[Round "5.4"]
[White "Coates, Kenneth G"]
[Black "Easton, Alex"]
[Result "1-0"]
[WhiteElo "2188"]
[BlackElo "2161"]
[PlyCount "81"]
[EventDate "2001.09.??"]
[EventType "team"]
[EventRounds "11"]
[EventCountry "ENG"]
[SourceTitle "EXT 2003"]
[Source "ChessBase"]
[SourceDate "2002.11.25"]
[SourceVersion "1"]
[SourceVersionDate "2002.11.25"]
[SourceQuality "1"]
[WhiteTeam "Guildford II"]
[BlackTeam "Bristol II"]
[WhiteTeamCountry "ENG"]
[BlackTeamCountry "ENG"]

1. e4 e6 2. d4 d5 3. exd5 exd5 4. Bd3 Nc6 5. c3 Bd6 6. Qf3 Nge7 7. Ne2 Be6 8. Bf4 0-0 9. Nd2 Bxf4 10. Nxf4 Qd7 11. 0-0 Bf5 12. Rfe1 Bxd3 13. Nxd3 Rae8 14. Re2 Qf5 15. Rae1 Qxf3 16. Nxf3 f6 17. Nc5 Kf7 18. Ne6 Rh8 19. Nxc7 Rd8 20. h4 h5 21. g3 Nf5 22. Kg2 Rd7 23. Ne6 Re7 24. Nf4 Rxe2 25. Rxe2 Nce7 26. a4 g6 27. Kf1 Rc8 28. Nd2 Rc6 29. a5 Ra6 30. b4 Rc6 31. Nb1 Nd6 32. f3 Nb5 33. Kf2 g5 34. hxg5 fxg5 35. Nd3 Nxc3 36. Ne5+ Kf6 37. Nxc6 Nxe2 38. Nxe7 Nxd4 39. Nxd5+ Ke5 40. Nbc3 Nc2 41. f4+ 1-0

[Event "BCF-chT3 0102 (4NCL)"]
[Site "Birmingham"]
[Date "2001.09.23"]
[Round "2.3"]
[White "White, Mark"]
[Black "Easton, Alex"]
[Result "0-1"]
[WhiteElo "2129"]
[BlackElo "2161"]
[PlyCount "60"]
[EventDate "2001.09.??"]
[EventType "team"]
[EventRounds "11"]
[EventCountry "ENG"]
[SourceTitle "EXT 2003"]
[Source "ChessBase"]
[SourceDate "2002.11.25"]
[SourceVersion "1"]
[SourceVersionDate "2002.11.25"]
[SourceQuality "1"]
[WhiteTeam "White Rose II"]
[BlackTeam "Bristol II"]
[WhiteTeamCountry "ENG"]
[BlackTeamCountry "ENG"]

1. e4 e6 2. d4 d5 3. e5 c5 4. c3 Qb6 5. Nf3 Nc6 6. Bd3 cxd4 7. cxd4 Bd7 8. 0-0 Nxd4 9. Nxd4 Qxd4 10. Nc3 a6 11. Qe2 Rc8 12. Rd1 Bc5 13. Rf1 Ne7 14. Kh1 Qh4 15. Bd2 g6 16. f4 Nf5 17. Be1 Qe7 18. Bf2 Bxf2 19. Qxf2 Qc5 20. Qxc5 Rxc5 21. Rac1 Ke7 22. b4 Rcc8 23. Bxf5 gxf5 24. Rfd1 Rc4 25. a3 Rxf4 26. Rxd5 Rf2 27. Kg1 Rb2 28. Rd3 Rg8 29. g3 Bc6 30. b5 axb5 0-1

[Event "BCF-chT2 0001 (4NCL)"]
[Site "Birmingham"]
[Date "2001.01.27"]
[Round "5.2"]
[White "Norris, Alan J"]
[Black "Easton, Alex"]
[Result "1-0"]
[WhiteElo "2309"]
[BlackElo "2157"]
[PlyCount "107"]
[EventDate "2000.11.26"]
[EventType "team"]
[EventRounds "11"]
[EventCountry "ENG"]
[SourceTitle "CBM 079 Extra"]
[Source "ChessBase"]
[SourceDate "2001.01.11"]
[SourceVersion "2"]
[SourceVersionDate "2001.01.25"]
[SourceQuality "1"]
[WhiteTeam "Wood Green II"]
[BlackTeam "Bristol II"]
[WhiteTeamCountry "ENG"]
[BlackTeamCountry "ENG"]

1. e4 e6 2. d3 d5 3. Nd2 Nf6 4. Ngf3 b6 5. g3 Bb7 6. Qe2 c5 7. Bg2 Nc6 8. 0-0 Be7 9. e5 Nd7 10. c4 Nf8 11. h4 Qc7 12. a3 h6 13. h5 0-0-0 14. b4 cxb4 15. axb4 Bxb4 16. Ba3 Bxa3 17. Rxa3 Kb8 18. Nb3 Nh7 19. Rfa1 dxc4 20. dxc4 Ng5 21. c5 Nxf3+ 22. Bxf3 Qxe5 23. Qxe5+ Nxe5 24. Bxb7 Kxb7 25. Rxa7+ Kc6 26. R1a6 Rb8 27. f4 Nd7 28. Nd4+ Kxc5 29. Rxd7 Rhd8 30. Raa7 Rxd7 31. Rxd7 b5 32. Nc2 b4 33. Nxb4 Kxb4 34. Rxf7 Rg8 35. Kf2 Kc4 36. Ke3 Kd5 37. Rd7+ Kc6 38. Ra7 Kd5 39. g4 Kd6 40. Ke4 g6 41. Ra6+ Kd7 42. Ke5 gxh5 43. gxh5 Rb8 44. Rd6+ Kc7 45. Rxe6 Rb5+ 46. Kf6 Rxh5 47. Kg6 Kd7 48. Re2 Rh1 49. f5 Rf1 50. f6 h5 51. f7 Rg1+ 52. Kh7 Rf1 53. Kg7 Rg1+ 54. Kf8 1-0

[Event "BCF-chT2 0001 (4NCL)"]
[Site "Birmingham"]
[Date "2000.11.25"]
[Round "3.2"]
[White "Easton, Alex"]
[Black "Tebb, David"]
[Result "1-0"]
[WhiteElo "2157"]
[BlackElo "2271"]
[PlyCount "145"]
[EventDate "2000.11.26"]
[EventType "team"]
[EventRounds "11"]
[EventCountry "ENG"]
[SourceTitle "CBM 079 Extra"]
[Source "ChessBase"]
[SourceDate "2001.01.11"]
[SourceVersion "2"]
[SourceVersionDate "2001.01.25"]
[SourceQuality "1"]
[WhiteTeam "Bristol II"]
[BlackTeam "NW Eagles"]
[WhiteTeamCountry "ENG"]
[BlackTeamCountry "ENG"]

1. Nf3 Nf6 2. c4 g6 3. Nc3 Bg7 4. e4 d6 5. d4 0-0 6. Be2 e5 7. 0-0 Nc6 8. d5 Ne7 9. Nd2 a5 10. a3 c6 11. Rb1 b5 12. dxc6 b4 13. axb4 axb4 14. Nb5 Nxc6 15. Nb3 Ne8 16. Qd3 Ba6 17. Rd1 Bxb5 18. cxb5 Nd4 19. Nxd4 exd4 20. Qb3 Nc7 21. Qxb4 Ne6 22. Bc4 Nc5 23. Bd5 Rb8 24. Bf4 Qd7 25. Qc4 Rxb5 26. Bxd6 Rc8 27. Bxf7+ Kh8 28. e5 Ne4 29. Be6 Rxc4 30. Bxd7 Nxd6 31. exd6 Rb6 32. Be6 Rc2 33. d7 Bf6 34. Bg4 h5 35. Rxd4 hxg4 36. d8Q+ Bxd8 37. Rxd8+ Kg7 38. g3 Rf6 39. Rf1 Kh6 40. Rb8 Rd6 41. Rb4 Kh5 42. Rb8 Rdd2 43. b4 Rb2 44. b5 Rd5 45. b6 Rdb5 46. Rc1 Rxb6 47. Rh8+ Kg5 48. Rc5+ Kf6 49. Rf8+ Kg7 50. Rf4 R2b4 51. Rcc4 Rxc4 52. Rxc4 Rb2 53. Rxg4 Ra2 54. h4 Kf6 55. Rf4+ Kg7 56. Kg2 Ra3 57. g4 Rb3 58. Ra4 Rb7 59. Ra5 Rc7 60. Kg3 Rf7 61. f3 Kh6 62. h5 gxh5 63. Rxh5+ Kg6 64. Ra5 Rf6 65. f4 Rb6 66. Kh4 Kg7 67. f5 Rb4 68. Kg5 Rc4 69. Ra7+ Kg8 70. Kh5 Rf4 71. Rb7 Ra4 72. g5 Ra6 73. f6 1-0

[Event "BCF-chT2 9900 (4NCL)"]
[Site "Birmingham"]
[Date "1999.11.20"]
[Round "3.6"]
[White "D'Costa, Lorin AR"]
[Black "Easton, Alex"]
[Result "1/2-1/2"]
[WhiteElo "2215"]
[BlackElo "2165"]
[PlyCount "81"]
[EventDate "1999.10.??"]
[EventType "team"]
[EventRounds "11"]
[EventCountry "ENG"]
[SourceTitle "EXT 2001"]
[Source "ChessBase"]
[SourceDate "2000.11.22"]
[SourceVersion "1"]
[SourceVersionDate "2000.11.22"]
[SourceQuality "1"]
[WhiteTeam "Barbican II"]
[BlackTeam "Bristol II"]
[WhiteTeamCountry "ENG"]
[BlackTeamCountry "ENG"]

1. d4 Nf6 2. Bg5 d5 3. Bxf6 exf6 4. e3 Be6 5. Bd3 f5 6. Ne2 Nd7 7. Nd2 c6 8. 0-0 Bd6 9. c4 0-0 10. cxd5 cxd5 11. Qb3 Qb6 12. Rfc1 Rac8 13. Qxb6 Nxb6 14. g3 Rxc1+ 15. Rxc1 Rc8 16. Rxc8+ Nxc8 17. Nc3 Ne7 18. Nb3 b6 19. a3 g5 20. f4 f6 21. Kf2 Kf7 22. Nc1 Bd7 23. Bb1 Bc6 24. Nd3 Ke6 25. Ba2 h6 26. b4 Bb8 27. Bb3 Bc7 28. b5 Bb7 29. Nb4 Bd6 30. Nca2 Kd7 31. Ke2 Bxb4 32. Nxb4 Kd6 33. Kd3 Bc8 34. Kc3 Bd7 35. a4 Be8 36. Nd3 Bh5 37. Kb4 Bf3 38. a5 Be4 39. Nb2 Bf3 40. Na4 Kc7 41. Nc3 1/2-1/2

[Event "BCF-chT2 9899 (4NCL)"]
[Site "England"]
[Date "1999.03.21"]
[Round "8.3"]
[White "Easton, Alex"]
[Black "Hall, Richard VM"]
[Result "1/2-1/2"]
[WhiteElo "2160"]
[BlackElo "2120"]
[PlyCount "48"]
[EventDate "1998.10.??"]
[EventType "team"]
[EventRounds "11"]
[EventCountry "ENG"]
[SourceTitle "EXT 2000"]
[Source "ChessBase"]
[SourceDate "1999.11.16"]
[SourceVersion "1"]
[SourceVersionDate "1999.11.16"]
[SourceQuality "1"]
[WhiteTeam "Bristol II"]
[BlackTeam "BCCA"]
[WhiteTeamCountry "ENG"]
[BlackTeamCountry "ENG"]

1. Nf3 f5 2. d4 Nf6 3. g3 e6 4. Bg2 Be7 5. 0-0 0-0 6. c4 d6 7. Nc3 Qe8 8. Re1 Ne4 9. Qc2 Qg6 10. Nd2 Nxc3 11. Qxc3 Bf6 12. e3 e5 13. c5 exd4 14. exd4 dxc5 15. Qxc5 c6 16. Nf3 Nd7 17. Qc4+ Qf7 18. Qxf7+ Kxf7 19. Bf4 Nb6 20. Bd6 Rd8 21. Bc7 Rd7 22. Be5 Rd8 23. Bc7 Rd7 24. Be5 Rd8 1/2-1/2

[Event "BCF-chT2 9899 (4NCL)"]
[Site "England"]
[Date "1999.03.20"]
[Round "7.3"]
[White "Barnes, Michael"]
[Black "Easton, Alex"]
[Result "1/2-1/2"]
[WhiteElo "2245"]
[BlackElo "2160"]
[PlyCount "94"]
[EventDate "1998.10.??"]
[EventType "team"]
[EventRounds "11"]
[EventCountry "ENG"]
[SourceTitle "EXT 2000"]
[Source "ChessBase"]
[SourceDate "1999.11.16"]
[SourceVersion "1"]
[SourceVersionDate "1999.11.16"]
[SourceQuality "1"]
[WhiteTeam "BIG II"]
[BlackTeam "Bristol II"]
[WhiteTeamCountry "ENG"]
[BlackTeamCountry "ENG"]

1. d4 Nf6 2. Nf3 g6 3. c4 Bg7 4. Nc3 d5 5. Bg5 Ne4 6. cxd5 Nxg5 7. Nxg5 e6 8. Qd2 h6 9. Nf3 exd5 10. Qe3+ Be6 11. g3 0-0 12. Bg2 Qd6 13. 0-0 c6 14. a3 a5 15. Na4 Nd7 16. Rac1 b6 17. Rfd1 Rfe8 18. Qf4 Qxf4 19. gxf4 Rec8 20. Ne5 Nxe5 21. fxe5 Rab8 22. f4 Bf8 23. Kf1 Be7 24. Rd3 Bf5 25. Rb3 Bd8 26. Bh3 Bxh3+ 27. Rxh3 Kh7 28. Rhc3 b5 29. Nc5 b4 30. axb4 Rxb4 31. Nd3 Rxd4 32. Rxc6 Rxc6 33. Rxc6 a4 34. Kf2 Ba5 35. Kf3 Bd2 36. h3 Kg7 37. Rc7 Kf8 38. Rc2 Bb4 39. Rc8+ Ke7 40. Rc7+ Ke8 41. Ra7 Bd2 42. Ra8+ Ke7 43. Rh8 h5 44. Ra8 Re4 45. Ra7+ Ke8 46. Ra8+ Ke7 47. Ra7+ Ke8 1/2-1/2

[Event "BCF-chT2 9899 (4NCL)"]
[Site "England"]
[Date "1999.01.23"]
[Round "5.3"]
[White "Tiller, Bjorn"]
[Black "Easton, Alex"]
[Result "1-0"]
[WhiteElo "2380"]
[BlackElo "2104"]
[PlyCount "55"]
[EventDate "1998.10.??"]
[EventType "team"]
[EventRounds "11"]
[EventCountry "ENG"]
[SourceTitle "EXT 2000"]
[Source "ChessBase"]
[SourceDate "1999.11.16"]
[SourceVersion "1"]
[SourceVersionDate "1999.11.16"]
[SourceQuality "1"]
[WhiteTeam "Wood Green II"]
[BlackTeam "Bristol II"]
[WhiteTeamCountry "ENG"]
[BlackTeamCountry "ENG"]

1. e4 e6 2. d3 d5 3. Nd2 Nf6 4. f4 b6 5. e5 Nfd7 6. Ngf3 c5 7. g3 Nc6 8. c4 d4 9. Bg2 Bb7 10. 0-0 Be7 11. a3 h6 12. Qe2 Qc7 13. Ne4 0-0-0 14. b4 Rde8 15. Bd2 f5 16. exf6 gxf6 17. b5 Nd8 18. a4 f5 19. Nf2 Bf6 20. a5 e5 21. a6 Ba8 22. Nxe5 Bxg2 23. Kxg2 Nxe5 24. fxe5 Rxe5 25. Qh5 Ne6 26. Rae1 Ng7 27. Qf3 Bg5 28. Bxg5 1-0

[Event "BCF-chT2 9798 (4NCL)"]
[Site "England"]
[Date "1998.05.24"]
[Round "1.1"]
[White "Easton, Alex"]
[Black "Lewis, Andrew P"]
[Result "0-1"]
[WhiteElo "2096"]
[BlackElo "2290"]
[PlyCount "78"]
[EventDate "1997.11.??"]
[EventType "team"]
[EventRounds "11"]
[EventCountry "ENG"]
[SourceTitle "EXT 1999"]
[Source "ChessBase"]
[SourceDate "1998.11.16"]
[SourceVersion "1"]
[SourceVersionDate "1998.11.16"]
[SourceQuality "1"]
[WhiteTeam "Bristol II"]
[BlackTeam "Barbican II"]
[WhiteTeamCountry "ENG"]
[BlackTeamCountry "ENG"]

1. Nf3 Nf6 2. c4 g6 3. Nc3 Bg7 4. e4 d6 5. d4 0-0 6. Be2 e5 7. 0-0 Nbd7 8. Qc2 c6 9. d5 c5 10. a3 b6 11. b4 h6 12. Rb1 Ne8 13. Bd3 Ndf6 14. Bd2 Nh5 15. g3 Bg4 16. Ne1 Bh3 17. Ng2 f5 18. exf5 gxf5 19. Be2 Nef6 20. bxc5 dxc5 21. Rfe1 e4 22. Nf4 Nxf4 23. Bxf4 Ng4 24. Nd1 Ne5 25. Rb3 Qe8 26. Qd2 Qg6 27. Bxe5 Bxe5 28. f4 exf3 29. Bxf3 Bd4+ 30. Kh1 Rae8 31. Nf2 Rxe1+ 32. Qxe1 Re8 33. Qd2 Bg4 34. Bxg4 fxg4 35. h4 Rf8 36. Nd3 Qe4+ 37. Kh2 Rf1 38. Qg2 Rf3 39. h5 Qf5 0-1